[Event "Doeberl Cup 54th"]
[Site "Canberra"]
[Date "2016.03.26"]
[Round "7"]
[White "Ganguly, Surya Shekhar"]
[Black "Smirnov, Anton"]
[Result "1-0"]
[WhiteElo "2646"]
[BlackElo "2464"]
[Annotator "Ganguly,S"]
[PlyCount "105"]
[EventDate "2016.03.24"]
[EventType "swiss"]
[EventRounds "9"]
[EventCountry "AUS"]
[SourceTitle "CBM 172"]
[Source "ChessBase"]
[SourceDate "2016.05.12"]
[SourceVersion "1"]
[SourceVersionDate "2016.05.12"]
[SourceQuality "1"]
[WhiteClock "0:12:51"]
[BlackClock "0:24:37"]

{The Doeberl Cup has a very tough schedule of 9 rounds in 5 days with every
day a double round except the last one. I had about 7min altogether to have a
brief look at what my opponent plays.} 1. e4 e6 {Apart from the Najdorf this
is the other line he plays from time to time.} 2. d4 d5 3. Nd2 {I have almost
never used this move in recent years. For this game I gave it a try as my
opponent exclusively plays 3...c5 here} Nc6 $5 {Came after some thought.
Cunningly and quite professionally my young opponent rightly concluded that I
would expect him to play 3...c5 and that this was the only reason why I had
played 3.Nd2 instead of 3.Nc3.} 4. Ngf3 {Honestly I couldn't remember a single
line apart from some random line which once an International Master from my
city had told me casually. I remembered his suggestion and tried to make sure
it works because when he suggested it we had probably looked at it with Fritz
5 but I had never really checked it later.} Nf6 5. e5 Nd7 6. Be2 $5 {The only
thing that I remembered after 3...Nc6.} f6 {.} 7. exf6 Qxf6 8. Nf1 {And this
is all my good IM friend told long back! White stops ...e5 as the d5-pawn is
unprotected and that's the whole point of developing the bishop on e2 and not
on d3. It was only after the game that I saw there are about 630 games in the
database starting from this position!} Bd6 {Anton also started to consume more
time which was a good sign for me as I had managed to surprise him for the
second time in the opening.} (8... e5 9. Ne3 $1 $16 {[%csl Rd5] is the main
point of this line.}) 9. Ne3 O-O 10. O-O Nb6 {Here I had to think for real
long time to find the right path. If only I had known of a game played back in
1978 I could have saved some important time!} (10... Qg6 {is the main theory
here.} 11. c4 Nf6 12. c5 Be7 13. Bb5 $14 {A number of games went in this
direction.}) 11. Ng4 {This looked obvious as otherwise Black might just play ..
.e5, sac the d5-pawn and create counterplay.} (11. c4 Nxc4 12. Nxc4 dxc4 13.
Bxc4 h6 {was the other option but I liked my solution as it restricts Black's
counterplay.}) 11... Qg6 {Chosing my next move here was a tough job. Ng5 and
Nh4 looked tempting initially and then there was the most logical 12.h3 in
which the only move which had to be calculated was 12...e5.} 12. h3 (12. Ng5 e5
$1 {and Black is fine}) (12. Nh4 Qe8 13. f4 {Otherwise Black frees himself by .
..e5} Qe7 $1 14. Nf3 (14. g3 Nxd4 $1) 14... Bxf4 {and I didn't believe in this
compensation.}) 12... e5 {While deciding on Ng4-h3 I started calculating this
move ...e5 and soon realised there are too many ways to capture on e5.  1.
Keep both knights and take on e5 2. Exchange both knights and get a pawn on e5
3. Exchange the f3-knight and take on e5 4. Exchange the g4-knight and then
take on e5. Only one out of these gives White a serious advantage.} 13. Ngxe5
$1 (13. dxe5 Bxg4 14. exd6 Bxh3 15. Nh4 Qf6 {and I didn't see any advantage
for White.}) (13. Nfxe5 Bxe5 14. Nxe5 (14. dxe5 Bxg4 {and Black takes on e5.
White might still slightly better but Black also gets his share of practical
counterplay.}) 14... Nxe5 15. dxe5 (15. Bh5 $1 {I failed to appreciate how
strong this really is. Or maybe already I was very happy with the solution I
had found.} Qe4 16. dxe5 Bf5 (16... Qxe5 17. Re1 Qf6 18. Be3 $16) 17. Re1 Qxc2
18. Qxc2 Bxc2 19. Be3 $14) 15... Bxh3 16. Bf3 c6 {and if anyone is better it's
Black.}) 13... Bxe5 14. dxe5 Bxh3 15. Nh4 (15. Ng5 Bc8 (15... Bd7 $2 16. Bh5
Qf5 17. f4 {[%csl Rf5][%cal Rg2g4]}) 16. Bh5 Qf5 17. f4 {also gives a good
inititative to White.}) 15... Qe4 16. f4 $1 {Without this White is worse. This
is the move I spotted while playing 11.Ng4 and I was quite happy about my
position.} Qd4+ $146 {Until here already played back in 1978 :)} (16... Bd7 17.
Bd3 Qd4+ 18. Kh1 g6 19. c3 Qc5 20. Qe1 $16 {1-0 (41) Dolmatov,S (2495)-Yurtaev,
L Sochi 1978}) 17. Qxd4 (17. Kh2 Qxd1 18. Rxd1 $16 {was a better choice.})
17... Nxd4 18. Bd3 Bg4 19. Be3 Nc6 (19... Ne2+ {During the game I wasn't sure
about this move but I also realised it's probably the last move Black would
like to make.} 20. Kh2 Nc4 21. Bxc4 dxc4 22. f5 {and still there will be
problems for Black.}) 20. Bc5 Rf7 21. Rae1 g5 $6 {This would have been nice
only if the tactics worked.} (21... Re8 {was more stubborn and would keep
decent chances for Black to play for equality.}) 22. e6 $1 {I assume my
opponent missed this move.} Bxe6 (22... Rxf4 23. Nf5 Bxf5 24. Bxf5 $16 {
Black's knights are totally misplaced and White should be very close to
winning here.}) 23. Nf3 $1 $16 Bf5 24. Nxg5 Bxd3 25. cxd3 Rf6 26. Ne6 Rc8 27.
b3 $1 {Black wants to play ...Nd7 thus it made sense to make a square for my
bishop to get to the best diagonal.} Nd7 28. Ba3 d4 29. Re4 (29. Bb2 Re8) 29...
Rf5 30. Rf3 $1 (30. Nxd4 {There is nothing wrong with simply taking the pawn.
However once the rook moved from f6 to f5 I got some mating ideas which was
very tempting.}) 30... Nf6 31. Rg3+ Kh8 32. Bb2 Rg8 {The only way to stay in
the game.} (32... Nxe4 33. dxe4 Ra5 34. Nxd4 Rxa2 35. Bc3 {wins easily.}) 33.
Nxd4 Nxd4 34. Rxg8+ Kxg8 35. Rxd4 Kf7 36. Kf2 h5 37. Kf3 Ra5 38. a4 Ke6 {
Black is lost but this only expedites things.} 39. Rb4 Nd5 {The best practical
try.} (39... b6 40. Bxf6 Kxf6 41. Rb5 $18) 40. Rxb7 Rc5 41. Rxa7 {The rest was
easy.} Rc2 42. Be5 Rd2 43. Ke4 Re2+ 44. Kd4 Ne7 45. Rxc7 Rxg2 46. Rc1 Nf5+ 47.
Kc5 Ng3 48. d4 Kf5 49. d5 h4 50. d6 Rd2 51. Kc6 h3 52. d7 Ke6 53. Re1 1-0

[Event "Balkaniad"]
[Site "Kavala"]
[Date "1990.??.??"]
[Round "4"]
[White "Ermenkov, Evgenij"]
[Black "Kovacevic, Vlatko"]
[Result "0-1"]
[WhiteElo "2465"]
[BlackElo "2530"]
[Annotator "Knaak,R"]
[PlyCount "78"]
[EventDate "1990.10.??"]
[EventType "team"]
[EventRounds "6"]
[EventCountry "GRE"]
[SourceTitle "CBM 021"]
[Source "ChessBase"]
[SourceDate "1991.04.01"]
[SourceVersion "1"]
[SourceVersionDate "1991.04.01"]
[SourceQuality "1"]

1. e4 e6 2. d4 d5 3. Nd2 Nc6 4. Ngf3 Nf6 5. e5 Nd7 6. Bb5 a5 7. c3 Na7 8. Bd3
c5 9. O-O Nc6 {Schwarz hat ein Tempo verloren im Vergleich zur Variante 3.Nd2
Nf6 4.e5 Nfd7 5.Ngf3 c5} 10. Re1 cxd4 11. cxd4 a4 12. Nf1 Be7 13. Ng3 h5 $5 {
merkwürdig, daß das zum Erfolg führen wird} 14. Ne2 (14. Be3 $5) 14... Nb6 15.
g3 $6 {zu langsam} Nb4 16. Bb1 Bd7 17. h4 Nc4 $1 {>< b2} 18. Nf4 Qb6 19. Kg2
Kd8 20. Ng5 Bxg5 21. hxg5 g6 22. Ne2 Nc6 23. Rh1 Kc7 24. Rh4 Nxb2 25. Qd2 a3
26. Qf4 Rhc8 $1 {stellt eine phantastische Falle} 27. Qxf7 $6 Rf8 28. Qxg6 Nd1
29. Rf4 Qb2 $3 30. Bc2 Qxa1 31. Bxd1 Rxf4 32. gxf4 Qxa2 $19 33. f5 Qb1 34. Nc3
Qxc1 35. fxe6 Qxc3 36. exd7 Qxd4 37. Qd6+ Kb6 38. e6 a2 39. Bf3 Qc5 0-1

[Event "Shanghai m"]
[Site "Shanghai"]
[Date "1995.??.??"]
[Round "2"]
[White "Xie, Jun"]
[Black "Brunner, Lucas"]
[Result "1/2-1/2"]
[WhiteElo "2555"]
[BlackElo "2535"]
[Annotator "Knaak,R"]
[PlyCount "77"]
[EventDate "1995.05.??"]
[EventType "match"]
[EventRounds "5"]
[EventCountry "CHN"]
[SourceTitle "CBM 048"]
[Source "ChessBase"]
[SourceDate "1995.10.01"]
[SourceVersion "1"]
[SourceVersionDate "1995.10.01"]
[SourceQuality "1"]

1. e4 {King} e6 2. d4 d5 3. Nd2 Nc6 4. c3 e5 5. exd5 Qxd5 6. Ngf3 exd4 7. Bc4
Qh5 (7... Qf5 $5) 8. cxd4 Be6 9. Bxe6 (9. O-O O-O-O 10. Be2 Qd5 11. Nb3 Nge7
12. Be3 Nf5 13. Rc1 Be7 14. Bc4 Nxe3 15. fxe3 Qe4 16. Qe2 Bxc4 17. Rxc4 Rhe8
18. Nbd2 Qd5 19. e4 Qb5 20. Qf2 Bb4 $10 {1/2-1/2 Greenfeld,A-Hug,W/Munich zt ;
CBM 03 1987 (31)}) (9. Qe2 O-O-O 10. Bxe6+ fxe6 11. Qxe6+ Kb8 12. O-O Nf6 $1 {
game} (12... Re8 13. Qb3 Bd6 14. h3 Na5 $6 (14... Nf6 $13) 15. Qa4 Nf6 16. b4
Nc6 17. b5 Ne7 18. Nc4 Ned5 19. Nxd6 cxd6 20. Qa3 $14 {Wahls,M-Landenbergue,C/
Luzern ;CBM 16 1989/1-0 (47)}) (12... Bd6 13. Qh3 Qxh3 14. gxh3 Nge7 $44 {
Salazar,H-Huss,A/Thessaloniki olm (11) ;BIG 1984/1/2-1/2 (62)})) 9... fxe6 10.
Qb3 O-O-O 11. O-O Nf6 (11... Nh6 {[%csl Yf5,Rd4][%cal Yh6f5]} 12. Ne4 Nf5 13.
Qxe6+ Kb8 14. Bg5 Nfxd4 15. Nxd4 Rxd4 16. Be3 Qd5 17. Ng5 Qxe6 18. Nxe6 Rd7 19.
Nxf8 Rxf8 20. Rac1 Rf5 21. g3 Rb5 22. Rc2 a5 23. Re1 {1/2-1/2 Lane,
G-Landenbergue,C/Zug ;CBM 16 1989}) 12. Qxe6+ (12. Ne4 Rd5 $10 13. Re1 Nxe4 14.
Rxe4 Bd6 15. h3 Rf8 16. Rxe6 Rdf5 17. g4 $4 (17. Re4 $13) 17... Qxh3 18. gxf5
Nxd4 19. Ng5 Qh2+ 20. Kf1 Qh1# {0-1 Lawson,D-Landenbergue,C/EU-chT Haifa (04) ;
EU-chT 1989}) 12... Kb8 13. Ne4 (13. Nb3 $14 {Fritz3}) 13... Nxe4 14. Qxe4 Re8
15. Qd3 Bd6 $44 16. Bd2 g5 $1 {King With the advance of the gP Black just
about manages to drum up sufficient counterplay to compensate for the
sacrificed pawn. Note the similarity with the adavnce of the bP in Sicilian
type positions.} 17. g3 (17. Bxg5 $2 Ref8 18. h4 h6 19. Bd2 Rhg8 $17) 17... g4
18. Nh4 Rhf8 19. Bc3 (19. Rae1 Rd8) 19... Rd8 20. Rae1 Be7 21. Ng2 Ne5 22. Rxe5
Qxe5 23. Qxh7 $10 {>< Pg4} Qd6 24. Ne3 Bf6 25. Rd1 Rg8 26. Qf5 Rg5 27. Qe4 Rdg8
28. Re1 a6 29. Nc4 Qd7 30. Qe6 Qg7 31. Ne5 Bxe5 32. dxe5 Rg6 33. Qc4 Re8 34.
Re4 Qd7 35. Kg2 Qd1 {King The gP performs an important role: it cramps the K
and sets up sufficient counterplay for Black.} 36. Qe2 Qd5 37. Qc4 Qd1 38. Qe2
Qd5 39. Qc4 1/2-1/2

[Event "ISL-FRA"]
[Site "Reykjavik"]
[Date "1993.??.??"]
[Round "5"]
[White "Hardarson, Robert"]
[Black "Prie, Eric"]
[Result "0-1"]
[WhiteElo "2335"]
[BlackElo "2470"]
[Annotator "Knaak,R"]
[PlyCount "44"]
[EventDate "1993.??.??"]
[EventType "schev"]
[EventRounds "10"]
[EventCountry "ISL"]
[SourceTitle "CBM 035"]
[Source "ChessBase"]
[SourceDate "1993.08.01"]
[SourceVersion "1"]
[SourceVersionDate "1993.08.01"]
[SourceQuality "1"]

1. e4 e6 2. d4 d5 3. Nd2 Nc6 4. Ngf3 Nf6 5. e5 Nd7 6. Be2 Be7 7. Nf1 O-O 8. Ne3
f6 9. exf6 Nxf6 10. O-O Bd6 11. c4 b6 12. b3 (12. a3 Ne7 (12... Kh8 13. b4 dxc4
14. Bxc4 e5 15. Bb2 exd4 16. Nxd4 Nxd4 17. Qxd4 Qe8 18. Nd5 Qh5 19. h3 Qg6 20.
Nxf6 gxf6 21. Bd5 $16 {Wolff,P-Gallagher,J/Hastings-B/1989/}) (12... a5 13. b3
Ne7 14. Bb2 Ne4 15. Bd3 $6 Ng6 16. g3 Bb7 17. Bxe4 dxe4 18. Ne1 (18. Nd2 $2 Nf4
$1 $40 {Smagin}) 18... Qg5 19. Qg4 Qxg4 $15 {Smagin,S-Rogers,I/Beograd/1986/})
13. b4 dxc4 14. Nxc4 Nfd5 15. Bd3 h6 16. Bd2 Nf5 17. Qe2 Qf6 18. Qe4 Bb7 19.
Qg4 Rad8 20. Rac1 Qf7 21. Nce5 Qe8 22. Qh3 Nxd4 23. Nxd4 Bxe5 24. Qxe6+ Kh8 25.
Qxe8 {1/4 Psakhis,L-Drasko,M/Sarajevo/1986/}) 12... Bb7 (12... Ne7 13. Ne5 $1
Bb7 14. Bf3 $1 c5 15. Bb2 Qc7 16. cxd5 exd5 17. Rc1 $14 {Zagrebelny i51}) 13.
Bb2 Bf4 $1 $146 (13... Ne7 14. Ne5 (14. Rc1 Ne4 15. Rc2 Ng6 16. g3 Qe7 17. cxd5
exd5 18. Ne5 Bxe5 19. dxe5 Rad8 20. f3 d4 $1 21. fxe4 dxe3 22. Qc1 $13 {
Lobron,E-Drasko,M/Sarajevo/1984/}) 14... dxc4 15. bxc4 Bxe5 16. dxe5 Ne4 $14 {
Kruczynski,W-Drasko,M/Balatonbereny/1983/}) 14. Ne5 $2 Nxe5 15. dxe5 Ne4 $17
16. Bf3 (16. Bg4 Nxf2 $1 17. Bxe6+ Kh8 18. Qe2 Qh4 19. h3 Qg3 $19) 16... Qg5
17. Bxe4 dxe4 18. Qd7 $6 (18. Qe2 Bxe5 $17) 18... Bxe3 19. Qxe6+ Kh8 20. fxe3
Qxe3+ 21. Kh1 Qe2 $1 $19 22. Rf7 (22. Rfb1 e3 23. Qh3 Rf2 $19) 22... e3 0-1

[Event "Moscow"]
[Site "Moscow"]
[Date "1994.??.??"]
[Round "4"]
[White "Ivanov, Victor L"]
[Black "Naumkin, Igor"]
[Result "0-1"]
[WhiteElo "2385"]
[BlackElo "2455"]
[Annotator "Knaak,R"]
[PlyCount "64"]
[EventDate "1994.??.??"]
[EventType "tourn"]
[EventRounds "14"]
[EventCountry "RUS"]
[EventCategory "9"]
[SourceTitle "CBM 040"]
[Source "ChessBase"]
[SourceDate "1994.06.01"]
[SourceVersion "1"]
[SourceVersionDate "1994.06.01"]
[SourceQuality "1"]

1. e4 e6 2. d4 d5 3. Nd2 Nc6 4. Ngf3 Nf6 5. e5 Nd7 6. Be2 f6 7. exf6 Qxf6 8.
Nf1 Bd6 9. Ne3 b6 $5 (9... O-O) 10. O-O Bb7 11. Ng4 Qf5 12. h3 O-O-O 13. Re1 h5
14. Ne3 Qf6 15. c4 Ne7 $1 $146 (15... dxc4 16. Nxc4 Bf4 17. Bxf4 Qxf4 18. Qc1
Qf6 19. Qc3 Kb8 20. Rac1 Rc8 21. b4 Ne7 22. Nce5 $16 {Cseshkovsky,V-Naumkin,I/
Moscow/1992/}) 16. a4 g5 17. a5 g4 $1 18. hxg4 hxg4 19. Nxg4 Qg7 $44 20. Ng5 (
20. Bg5 Rh5 21. Bxe7 Rdh8 22. Bh4 (22. Kf1 Bxe7 $17) 22... Qxg4 23. g3 Bxg3 $1
24. fxg3 Rxh4 25. Nxh4 Qxg3+ 26. Ng2 dxc4 $19) 20... Rh5 $1 21. Nh3 (21. Nxe6
Qh7 $1 (21... Rdh8 22. f4 $13) 22. f4 Rh1+ 23. Kf2 Qh4+ 24. g3 Rh2+ $1 25. Nxh2
Qxh2+ 26. Ke3 dxc4 $1 $19 27. Nxd8 (27. Ra4 b5) (27. Qa4 Bb4 $1 28. Qxb4 Nd5+
29. Kd2 Nxb4 $19) (27. d5 Qxg3+ 28. Bf3 Nf5+ 29. Kd2 (29. Ke4 Qg6 $19) 29...
Bb4+ 30. Kc2 Bxe1 $19) 27... Qxg3+ 28. Kd2 Bb4+ 29. Kc2 Be4+ $19) 21... Nf5 22.
axb6 axb6 23. Be3 dxc4 (23... Rdh8 $5) 24. Bf3 $2 (24. Bxc4 Qh7 (24... e5 $5)
25. Ba6 (25. Bxe6 $2 Rxh3 26. gxh3 Qxh3 27. d5 Nh4 $19) 25... Rxh3 26. Bxb7+
Kxb7 27. gxh3 Qxh3 28. Qe2 Bh2+ (28... Rg8 29. Qa6+ Kc6 30. Qa4+ Kd5 31. Qa2+
Kc6 $10) 29. Kh1 (29. Nxh2 $2 Rg8+ $19)) 24... Rg8 25. Bxb7+ Kxb7 26. Qf3+ $2 (
26. f3 e5 $17) 26... c6 $19 27. Nf4 (27. Nh2 Nh4 $19) 27... Bxf4 28. d5 exd5
29. Qxf4 Qxg4 30. Ra7+ Kxa7 31. Qc7+ Ka6 32. Ra1+ Kb5 0-1

[Event "EU-Cup 20th"]
[Site "Izmir"]
[Date "2004.10.05"]
[Round "3.5"]
[White "Socko, Bartosz"]
[Black "Jacimovic, Dragoljub"]
[Result "1-0"]
[WhiteElo "2570"]
[BlackElo "2445"]
[Annotator "Konikowski,J"]
[PlyCount "77"]
[EventDate "2004.10.03"]
[EventType "team-swiss"]
[EventRounds "7"]
[EventCountry "TUR"]
[SourceTitle "CBM 104"]
[Source "ChessBase"]
[SourceDate "2005.01.27"]
[SourceVersion "1"]
[SourceVersionDate "2005.01.27"]
[SourceQuality "1"]
[WhiteTeam "Warsaw Polonia"]
[BlackTeam "Skopje"]
[WhiteTeamCountry "POL"]
[BlackTeamCountry "MKD"]

1. e4 e6 2. d4 d5 3. Nd2 Nc6 4. Ngf3 Nf6 5. e5 Nd7 6. Bd3 Nb4 7. Be2 c5 8. c3
Nc6 9. O-O a5 10. Re1 (10. a4 cxd4 (10... g6 11. Nb3 Bg7 12. Bf4 O-O 13. Re1
cxd4 14. cxd4 f6 15. exf6 Nxf6 16. Bb5 Ne4 17. Be3 Qd6 18. Rc1 Bd7 19. Nc5 Nxc5
20. Rxc5 Rae8 21. Qd2 b6 22. Rcc1 e5 23. Bxc6 Bxc6 24. dxe5 Bxe5 25. Nxe5 $16 {
Koscielski,J-Siepmann,M/Recklinghausen 2002/}) 11. cxd4 f6 12. exf6 Nxf6 13.
Nb3 Bd6 14. Bg5 O-O 15. Rc1 h6 16. Bh4 Bf4 17. Ra1 b6 18. Re1 Bd7 19. Nc1 g5
20. Bg3 Ne4 21. Nd3 Nxg3 22. hxg3 Bd6 23. Qd2 Qf6 24. Qe3 $14 {Nedev,
T-Kovacevic,V/Elista 1998/}) 10... a4 {'N'} (10... Qb6 11. c4 cxd4 12. cxd5
exd5 13. Ng5 Nc5 14. Bg4 Be7 15. Bxc8 Rxc8 16. Ndf3 Ne6 17. a3 O-O 18. Qd3 Bxg5
19. Nxg5 Nxg5 20. Bxg5 Qxb2 21. Rad1 Qc3 22. Qf5 Rce8 23. Bc1 Qb3 $17 {Nguyen
Anh Dung-Kostenko,P/Macau 1996/}) 11. c4 Be7 12. cxd5 exd5 13. Nf1 (13. Bb5 $5)
13... c4 14. Ng3 Nb6 15. h3 O-O 16. a3 Na5 17. Rb1 Nb3 18. Be3 f5 19. exf6 Bxf6
20. Qc2 Bh4 21. Nxh4 Qxh4 22. Qc3 Bd7 23. Qb4 Qd8 (23... Rf6 $5 24. Nh5 Rc6 25.
Rbd1 Rf8 $13) 24. Rbd1 Ra5 25. Bg5 (25. Qd6 $5) 25... Qxg5 26. Qxb6 Qf4 27.
Qxb7 Bc8 28. Qe7 Nxd4 (28... Qxf2+ 29. Kh2 Rf7 30. Qb4 Rb7 31. Qc3 $14) 29. Nh5
Qxf2+ 30. Kh1 Nf5 31. Qe5 g6 {'?'} (31... Qc5 $142 $1 32. Nf4 (32. Rf1 d4 33.
Bxc4+ Qxc4 34. Qxa5 g6 35. Rc1 Qe6 36. Rfe1 Qd6 37. Qxa4 gxh5 38. Qc4+ Kg7 39.
b4 (39. Qc7+ Qxc7 40. Rxc7+ Kf6 41. b4 Ne3 42. b5 Bf5 43. b6 Rb8 44. Rc6+ Ke5
45. a4 Be4 $19) 39... Bb7 40. Qc7+ Qxc7 41. Rxc7+ Rf7 42. Rec1 Ne3 $1 43. Rxf7+
Kxf7 44. Re1 (44. Rc7+ Ke6 45. Rxb7 d3 $19) 44... Bxg2+ 45. Kg1 Bxh3 46. a4 Bf5
$19) 32... Qe3 33. Bxc4 Ng3+ 34. Kh2 Nf1+ 35. Bxf1 Qxf4+ 36. Qxf4 Rxf4 $11) 32.
Rf1 Qa7 (32... Qe3 33. Rxf5 Qxe5 34. Rxe5 gxh5 35. Rdxd5 Rxd5 36. Bxc4 $16) 33.
Nf6+ {'?'} (33. Rxd5 $142 $1 Rxd5 34. Bxc4 gxh5 35. Bxd5+ Rf7 36. Rc1 $18)
33... Rxf6 34. Qxf6 Qc7 {'??'} (34... Ng3+ $142 35. Kh2 Nxf1+ 36. Rxf1 Qb8+ 37.
g3 Bf5 38. Rxf5 gxf5 39. Qe6+ Kg7 40. Qe7+ Kh8 41. Qf6+ Kg8 42. Qe6+ Kf8 43.
Qf6+ Kg8 $11) 35. Bxc4 {'+-!'} Ng3+ (35... dxc4 36. Rd8+ $18) 36. Kg1 Qc5+ 37.
Rf2 Bf5 38. Rxd5 (38. Bxd5+ $142 $1 Qxd5 39. Rxd5 Rxd5 40. Qc6 $18) 38... Qxd5
39. Qd8+ 1-0

[Event "ISR-chT"]
[Site "Israel"]
[Date "2002.05.11"]
[Round "4"]
[White "Kundin, Alexander"]
[Black "Rabinovich, Alexander"]
[Result "1-0"]
[WhiteElo "2410"]
[BlackElo "2442"]
[Annotator "Kundin,A"]
[PlyCount "77"]
[EventDate "2002.01.10"]
[EventType "team"]
[EventRounds "11"]
[EventCountry "ISR"]
[SourceTitle "CBM 088"]
[Source "ChessBase"]
[SourceDate "2002.03.21"]
[SourceVersion "1"]
[SourceVersionDate "2002.03.21"]
[SourceQuality "1"]

1. e4 e6 2. d4 d5 3. Nd2 Nc6 4. Ngf3 Nf6 5. e5 Nd7 6. Be2 f6 7. exf6 Qxf6 8.
Nf1 Bd6 9. Ne3 b6 10. O-O Bb7 11. b3 (11. c3 $14) 11... O-O-O (11... O-O 12.
Bb2 $14) 12. Bb2 h5 $5 {[%csl Gg5] /\ g5. Black is trying to prevent the Ng4
manoeuver but by doing so he permamently weakens his king side. An interesting,
but a questionable move.} (12... Kb8 13. c4 Ne7 $14) 13. c4 Ne7 14. Qc2 {/\ c5}
dxc4 $6 {A bad decision. Black is giving up his positions in the center, and
gets a worse game.} (14... Qh6 15. Rfc1 $14) 15. Nxc4 (15. bxc4 $5 Bxf3 (15...
e5 16. c5 bxc5 17. dxe5 Nxe5 18. Nxe5 Bxe5 19. Bxe5 Qxe5 20. Rfc1 $16) 16. Bxf3
Qf4 17. Rfc1 Qxh2+ 18. Kf1 $44 {[%csl Ga6,Gb7,Gc6,Yf3] The black king's
position is extremely vulnerable.}) 15... Kb8 (15... Bf4 $2 16. g3 Bh6 17. d5
$18) 16. Nxd6 cxd6 17. Rac1 Nd5 $2 {Underestimating white's next two moves.} (
17... Rc8 18. Qd2 Nf5 (18... Nd5 19. Ba3 $16) (18... Rxc1 19. Rxc1 Rc8 20.
Rxc8+ Kxc8 $14) 19. Qf4 $14) {[%tqu "En","Find the weak spot in black's camp
and attack it.","","","b2a3","",10]} 18. Ba3 $1 {[%csl Gd6]} Nf8 {[%tqu "En",
"Which white piece could be improved?","","","f3d2","The move which black
blundered. With the knight in the center, two strong bishops and a c-file
black's position is very difficult, probably indefendable.",10]} 19. Nd2 $1 {
The move which black blundered. With the knight in the center, two strong
bishops and a c-file black's position is very difficult, probably indefendable.
} Ka8 (19... Qxd4 20. Ne4 $18) 20. Ne4 Qe7 21. Bb5 $1 {/\ Bc6. Exchanging
black's main defender and getting to the king.} Rh6 $2 ({After} 21... Nh7 22.
Bc6 Rc8 23. Bxb7+ Qxb7 24. Qd2 Rxc1 25. Rxc1 Nhf6 26. Nxd6 $18 {White still
had some work to do.}) 22. Bc6 a6 (22... Rg6 23. Nxd6 $18) 23. Bxb7+ Qxb7 24.
Nxd6 Qd7 25. Qc4 Ka7 26. Nc8+ Kb7 27. Nd6+ Ka7 28. Qc6 {The simplest - the
engame is completely hopeless.} Qxc6 29. Rxc6 Rg6 (29... Rf6 30. Rfc1 $18) 30.
Rfc1 Nd7 31. Nf7 Rb8 32. Bd6 Rf6 (32... Rb7 33. Nd8 Nb8 34. Rc8) 33. Bxb8+ Nxb8
34. Rc7+ Nxc7 35. Rxc7+ Ka8 {[%tqu "En","The position is won. Finish the game
with style!","","","f7d6","Going for the king /\ Nc8, Nc4",10]} 36. Nd6 $1 {
Going for the king /\ Nc8, Nc4} e5 37. dxe5 Re6 38. f4 a5 39. Rxg7 1-0